[Event "Titled Tuesday intern op 26th Sep Late"]
[Site "Chess.com INT"]
[Date "2023.09.26"]
[Round "1"]
[White "Ferrufino, Boris"]
[Black "Escobar Forero, Alder"]
[Result "0-1"]
[WhiteElo "1868"]
[BlackElo "2450"]
[PlyCount "120"]
[EventDate "2023.09.26"]
[EventType "swiss (blitz)"]
[EventRounds "11"]
[EventCountry "USA"]
[SourceTitle "EXT 2024"]
[Source "ChessBase"]
[SourceDate "2023.10.10"]
[SourceVersion "1"]
[SourceVersionDate "2023.10.10"]
[SourceQuality "1"]

1. e4 e5 2. Nf3 d6 3. d3 c5 4. c4 Nc6 5. Nc3 Be7 6. Nd5 h6 7. h3 Nf6 8. Nxf6+ Bxf6 9. Be3 a6 10. Be2 b5 11. b3 0-0 12. 0-0 Kh7 13. Nh2 g6 14. Rc1 Bg5 15. f4 exf4 16. Bxf4 Bxf4 17. Rxf4 Qg5 18. Qf1 Bxh3 19. Bg4 Bxg4 20. Nxg4 Kg7 21. Nf6 Ne5 22. Rd1 Rad8 23. Nd5 Nc6 24. Qf2 h5 25. Rf1 Rd7 26. Rf6 Nd4 27. Nb6 Re7 28. Nd5 Rd7 29. Nf4 Nf5 30. Nd5 Nh6 31. Nb6 Rdd8 32. Rf3 f5 33. Qb2+ Qf6 34. Qxf6+ Rxf6 35. Nd5 Rf7 36. Nf4 Re8 37. exf5 Rxf5 38. Nd5 Rxf3 39. Rxf3 Nf5 40. Nc7 Re2 41. Rf2 Re1+ 42. Rf1 Re7 43. Nd5 Rf7 44. Re1 b4 45. Nf4 Re7 46. Rxe7+ Nxe7 47. Ne6+ Kf6 48. Nc7 a5 49. Kf2 Ke5 50. Ke3 Nf5+ 51. Kd2 Nh4 52. g3 Nf3+ 53. Ke3 Ng5 54. Nd5 Ne6 55. Nf4 Nxf4 56. gxf4+ Kf5 57. Kf3 g5 58. fxg5 Kxg5 59. Kg3 Kf5 60. Kh3 Kf4 0-1

[Event "Titled Tuesday intern op 12th Sep Late"]
[Site "Chess.com INT"]
[Date "2023.09.12"]
[Round "6"]
[White "Chigaev, Maksim"]
[Black "Escobar Forero, Alder"]
[Result "1-0"]
[WhiteElo "2615"]
[BlackElo "2450"]
[PlyCount "61"]
[EventDate "2023.09.12"]
[EventType "swiss (blitz)"]
[EventRounds "11"]
[EventCountry "USA"]
[SourceTitle "EXT 2024"]
[Source "ChessBase"]
[SourceDate "2023.10.10"]
[SourceVersion "1"]
[SourceVersionDate "2023.10.10"]
[SourceQuality "1"]

1. e4 c5 2. Nf3 Nc6 3. Nc3 e6 4. Bb5 Nd4 5. 0-0 Nxb5 6. Nxb5 a6 7. Nc3 d6 8. d4 cxd4 9. Qxd4 Nf6 10. Bg5 Be7 11. Rfd1 b5 12. a4 e5 13. Qd3 bxa4 14. Rxa4 Rb8 15. b3 Bb7 16. Bxf6 Bxf6 17. Nd2 Be7 18. Nc4 0-0 19. Nd5 Bg5 20. h3 g6 21. Rb4 f5 22. Rb6 fxe4 23. Qxe4 Rf4 24. Qe2 Rd4 25. Rxd4 exd4 26. Qe6+ Kg7 27. Rxd6 Qf8 28. Rd7+ Kh6 29. Nd6 Bxd5 30. Qxd5 Rd8 31. Nf7+ 1-0

[Event "Titled Tuesday intern op 29th Aug Late"]
[Site "Chess.com INT"]
[Date "2023.08.29"]
[Round "11"]
[White "Escobar Forero, Alder"]
[Black "Dubnevych, Maksym"]
[Result "0-1"]
[WhiteElo "2450"]
[BlackElo "2391"]
[PlyCount "96"]
[EventDate "2023.08.29"]
[EventType "swiss (blitz)"]
[EventRounds "11"]
[EventCountry "USA"]
[SourceTitle "EXT 2024"]
[Source "ChessBase"]
[SourceDate "2023.10.10"]
[SourceVersion "1"]
[SourceVersionDate "2023.10.10"]
[SourceQuality "1"]

1. d4 Nf6 2. Nf3 e6 3. Bf4 d5 4. e3 c5 5. c3 Nc6 6. Nbd2 Nh5 7. Bg5 f6 8. Bh4 g6 9. g4 Ng7 10. h3 cxd4 11. exd4 Bd6 12. Qc2 g5 13. Bg3 Bxg3 14. fxg3 Qd6 15. Rg1 Bd7 16. 0-0-0 0-0-0 17. Kb1 Be8 18. Ka1 h5 19. Nb3 hxg4 20. hxg4 Rh6 21. Nc5 e5 22. Qb3 Na5 23. Qb4 Qb6 24. dxe5 Qxb4 25. cxb4 Nc6 26. exf6 Rxf6 27. Nxg5 b6 28. Nd3 Rg6 29. Nf3 Rxg4 30. Bh3 Bd7 31. Bxg4 Bxg4 32. Rc1 Bxf3 33. Rxc6+ Kb8 34. Rg6 Nf5 35. Ne5 Nd4 36. Rf6 Be4 37. b3 Rc8 38. Rd1 Nc2+ 39. Kb2 Nxb4 40. Rc1 Rg8 41. a3 Nd3+ 42. Nxd3 Bxd3 43. Rc3 Be4 44. Re6 d4 45. Rc4 Bd5 46. Rd6 Bxc4 47. bxc4 Rg4 48. Rxd4 Rxd4 0-1

[Event "Titled Tuesday intern op 29th Aug Late"]
[Site "Chess.com INT"]
[Date "2023.08.29"]
[Round "6"]
[White "Escobar Forero, Alder"]
[Black "Shohat, Yotam"]
[Result "1-0"]
[WhiteElo "2450"]
[BlackElo "2332"]
[PlyCount "63"]
[EventDate "2023.08.29"]
[EventType "swiss (blitz)"]
[EventRounds "11"]
[EventCountry "USA"]
[SourceTitle "EXT 2024"]
[Source "ChessBase"]
[SourceDate "2023.10.10"]
[SourceVersion "1"]
[SourceVersionDate "2023.10.10"]
[SourceQuality "1"]

1. d4 Nf6 2. Nf3 e6 3. Bf4 d5 4. e3 Bd6 5. Bd3 0-0 6. 0-0 b6 7. Ne5 Ba6 8. Nd2 Bxd3 9. cxd3 c5 10. Rc1 Ne8 11. Qg4 Nd7 12. Ndf3 Rc8 13. dxc5 bxc5 14. b3 Nxe5 15. Bxe5 Bxe5 16. Nxe5 Nd6 17. Rc2 Qa5 18. Rfc1 Qa3 19. Nd7 Rfd8 20. Nxc5 Nb7 21. d4 Nxc5 22. dxc5 a5 23. h4 Rc6 24. h5 h6 25. Qd4 Rdc8 26. g4 Qb4 27. Kg2 e5 28. Qxb4 axb4 29. f4 f6 30. Kf3 Kf7 31. e4 Ke6 32. f5+ 1-0

[Event "Robert Byrne Memorial GM"]
[Site "Naperville"]
[Date "2023.01.22"]
[Round "9"]
[White "Escobar Forero, Alder"]
[Black "Chen, Ryo"]
[Result "1/2-1/2"]
[WhiteElo "2459"]
[BlackElo "2393"]
[PlyCount "116"]
[EventDate "2023.01.18"]
[EventType "tourn"]
[EventRounds "9"]
[EventCountry "USA"]
[EventCategory "7"]
[SourceTitle "CBM 212 Extra"]
[Source "ChessBase"]
[SourceDate "2023.03.31"]
[SourceVersion "1"]
[SourceVersionDate "2023.03.31"]
[SourceQuality "1"]

1. e4 c5 2. Nf3 d6 3. d4 cxd4 4. Qxd4 Nf6 5. h3 Nc6 6. Qe3 g6 7. Be2 Bg7 8. 0-0 0-0 9. c4 Nd7 10. Nc3 Qb6 11. Qd2 Qa5 12. Nd5 Qxd2 13. Nxd2 Nc5 14. Rd1 a5 15. Nc7 Rb8 16. Nb5 Bd7 17. Rb1 f5 18. b3 fxe4 19. Nf1 Nb4 20. a3 Nbd3 21. Be3 Nf4 22. Ng3 Nxe2+ 23. Nxe2 Bxb5 24. Bxc5 dxc5 25. cxb5 Rbd8 26. Ng3 e3 27. fxe3 Bh6 28. Nf1 b6 29. Rbc1 Bg5 30. a4 h5 31. Rb1 h4 32. Rbc1 Kg7 33. Rb1 e6 34. Rxd8 Rxd8 35. Kf2 Bf6 36. Ke2 Bc3 37. Rc1 Bb4 38. Rc2 Kf6 39. Nh2 g5 40. Nf3 Rd7 41. Rc4 Rg7 42. Rg4 Rg6 43. Kd3 Rg7 44. Ke2 Rg6 45. Re4 Kf5 46. Kd3 Rg7 47. Rg4 Kf6 48. Ke4 Bc3 49. g3 hxg3 50. Rxg3 Rg6 51. Rg1 Rg7 52. Rg3 Rg6 53. Rg4 Rg7 54. h4 gxh4 55. Rxg7 Kxg7 56. Nxh4 Kf6 57. Ng2 Be5 58. Ne1 Bc7 1/2-1/2

[Event "Robert Byrne Memorial GM"]
[Site "Naperville"]
[Date "2023.01.20"]
[Round "5"]
[White "Escobar Forero, Alder"]
[Black "Aarav, Dengla"]
[Result "1-0"]
[WhiteElo "2459"]
[BlackElo "2377"]
[PlyCount "77"]
[EventDate "2023.01.18"]
[EventType "tourn"]
[EventRounds "9"]
[EventCountry "USA"]
[EventCategory "7"]
[SourceTitle "CBM 212 Extra"]
[Source "ChessBase"]
[SourceDate "2023.03.31"]
[SourceVersion "1"]
[SourceVersionDate "2023.03.31"]
[SourceQuality "1"]

1. e4 c5 2. Nf3 d6 3. Bb5+ Nd7 4. Ba4 Ngf6 5. 0-0 e6 6. d4 cxd4 7. Qxd4 Be7 8. c4 0-0 9. Nc3 a6 10. Bg5 Qc7 11. Rfd1 Rd8 12. Rac1 Ne5 13. b3 Bd7 14. Ne1 Bxa4 15. Nxa4 Nc6 16. Qb6 Rac8 17. Qxc7 Rxc7 18. Be3 Rcc8 19. Nb6 Rb8 20. f3 Nd7 21. Nc2 Nxb6 22. Bxb6 Rd7 23. f4 Kf8 24. Rd3 Bd8 25. Bc5 Be7 26. Rcd1 Ke8 27. Bxd6 Rbd8 28. e5 f6 29. Ne1 Bxd6 30. exd6 e5 31. fxe5 Nxe5 32. Rd5 b6 33. Nc2 Nf7 34. Nb4 a5 35. Nc6 Rc8 36. Na7 Rcd8 37. Nb5 Ne5 38. Rf1 Kf8 39. Rxe5 1-0

[Event "Charlotte op"]
[Site "Charlotte"]
[Date "2023.01.15"]
[Round "4"]
[White "Escobar Forero, Alder"]
[Black "Jacobson, Brandon"]
[Result "1/2-1/2"]
[WhiteElo "2459"]
[BlackElo "2546"]
[PlyCount "50"]
[EventDate "2023.01.14"]
[EventType "swiss"]
[EventRounds "6"]
[EventCountry "USA"]
[SourceTitle "CBM 212 Extra"]
[Source "ChessBase"]
[SourceDate "2023.03.31"]
[SourceVersion "1"]
[SourceVersionDate "2023.03.31"]
[SourceQuality "1"]

1. e4 e5 2. Nf3 Nc6 3. Bb5 a6 4. Ba4 Nf6 5. d3 Bc5 6. c4 0-0 7. 0-0 d6 8. Be3 Bxe3 9. fxe3 Ne7 10. Nc3 Ng6 11. Qd2 c6 12. Bc2 b5 13. b3 Be6 14. a4 bxc4 15. bxc4 a5 16. Rab1 h6 17. Ne2 Qc7 18. Qc3 Rfb8 19. c5 d5 20. Ng3 dxe4 21. Nxe4 Nxe4 22. dxe4 Kh7 23. Nd2 Nf8 24. Bb3 f6 25. Nc4 Ra7 1/2-1/2

[Event "Manizales op 28th"]
[Site "Manizales"]
[Date "2023.01.08"]
[Round "7"]
[White "Escobar Forero, Alder"]
[Black "Torres, Jorge Emilio"]
[Result "1-0"]
[WhiteElo "2459"]
[BlackElo "1973"]
[PlyCount "51"]
[EventDate "2023.01.05"]
[EventType "swiss"]
[EventRounds "8"]
[EventCountry "COL"]
[SourceTitle "CBM 212 Extra"]
[Source "ChessBase"]
[SourceDate "2023.03.31"]
[SourceVersion "1"]
[SourceVersionDate "2023.03.31"]
[SourceQuality "1"]

1. e4 c6 2. d4 d5 3. e5 Bf5 4. h4 h5 5. Bd3 Bxd3 6. Qxd3 e6 7. Nf3 a6 8. Bg5 Qb6 9. Nc3 Nd7 10. 0-0 Nh6 11. Nd1 c5 12. c4 dxc4 13. Qxc4 cxd4 14. Nxd4 Ng4 15. Rc1 Bc5 16. Nb3 Rc8 17. Qa4 Rc6 18. Na5 Ndxe5 19. Nxc6 bxc6 20. Qc2 Qc7 21. g3 Bb6 22. Kg2 c5 23. f3 Qc6 24. Qd2 Bc7 25. b4 c4 26. Nb2 1-0

[Event "Carlos Torre Memorial op 32nd"]
[Site "Merida"]
[Date "2022.12.17"]
[Round "3"]
[White "Avila Rodriguez, Joshua Ad"]
[Black "Escobar Forero, Alder"]
[Result "0-1"]
[WhiteElo "2230"]
[BlackElo "2473"]
[PlyCount "148"]
[EventDate "2022.12.16"]
[EventType "swiss"]
[EventRounds "9"]
[EventCountry "MEX"]
[SourceTitle "CBM 212 Extra"]
[Source "ChessBase"]
[SourceDate "2023.03.31"]
[SourceVersion "1"]
[SourceVersionDate "2023.03.31"]
[SourceQuality "1"]

1. e4 c5 2. Nf3 Nc6 3. d4 cxd4 4. Nxd4 Nf6 5. Nc3 e5 6. Ndb5 d6 7. Nd5 Nxd5 8. exd5 Ne7 9. c4 Nf5 10. Bd3 Be7 11. 0-0 0-0 12. a3 a6 13. Nc3 Nh4 14. Qc2 f5 15. f3 Bg5 16. Kh1 Bd7 17. Bd2 Rc8 18. Qc1 h6 19. Bxg5 Qxg5 20. Qxg5 hxg5 21. Rac1 Ng6 22. Rfe1 e4 23. fxe4 Ne5 24. Bf1 Nxc4 25. Bxc4 Rxc4 26. e5 dxe5 27. Rxe5 Rf6 28. h3 Rd6 29. Kg1 Kf7 30. Kf2 Kf6 31. Rce1 Rf4+ 32. Kg1 b5 33. R5e2 a5 34. Rd2 Rc4 35. Red1 g4 36. hxg4 Rxg4 37. Ne2 Rc4 38. Kf2 Be8 39. Nc3 b4 40. axb4 axb4 41. Ne2 Bh5 42. Rh1 Bf7 43. Rhd1 Rc5 44. Nc1 Rcxd5 45. Rxd5 Rxd5 46. Rxd5 Bxd5 47. b3 Ke5 48. Nd3+ Ke4 49. Nxb4 Bxb3 50. Nc6 Ba4 51. Nb4 g5 52. Na2 Kd4 53. Nc1 Bd1 54. g3 Bh5 55. Nb3+ Ke5 56. Nd2 Bf7 57. Nf3+ Kf6 58. Nd4 Bd5 59. Ne2 Ke5 60. Ke3 Bc4 61. Ng1 g4 62. Kf2 Kd4 63. Ke1 Bb5 64. Kf2 Bd3 65. Ke1 Ke3 66. Ne2 Kf3 67. Nf4 Bc4 68. Kd2 Kxg3 69. Ke3 Kh2 70. Ng6 Bd5 71. Kf4 Be4 72. Nh4 g3 73. Kg5 g2 74. Nxg2 Kxg2 0-1

[Event "Titled Tuesday intern op 08th June"]
[Site "Chess.com INT"]
[Date "2021.06.08"]
[Round "1"]
[White "Escobar Forero, Alder"]
[Black "Murthy, Pappu LN"]
[Result "1-0"]
[WhiteElo "2510"]
[BlackElo "1940"]
[PlyCount "71"]
[EventDate "2021.06.08"]
[EventType "swiss (blitz)"]
[EventRounds "11"]
[EventCountry "USA"]
[SourceTitle "CBM 202 Extra"]
[Source "ChessBase"]
[SourceDate "2021.07.31"]
[SourceVersion "1"]
[SourceVersionDate "2021.07.31"]
[SourceQuality "1"]

1. e4 c5 2. Nf3 Nc6 3. d4 cxd4 4. Nxd4 Nf6 5. Nc3 e5 6. Ndb5 d6 7. Nd5 Nxd5 8. exd5 Nb8 9. a4 Be7 10. Bd2 0-0 11. a5 a6 12. Na3 Nd7 13. Nc4 Nc5 14. Nb6 Rb8 15. Bc4 Bf5 16. 0-0 Nd7 17. Be3 Nxb6 18. axb6 Qd7 19. Bd3 Bxd3 20. Qxd3 f5 21. f4 e4 22. Qd2 Bf6 23. c3 Qb5 24. Rfd1 Rfc8 25. h3 g6 26. g4 Kh8 27. Kh2 Rg8 28. Rg1 Rbc8 29. gxf5 gxf5 30. Bd4 Rgf8 31. Rg5 e3 32. Bxf6+ Rxf6 33. Qd4 Rcf8 34. Rag1 Qxb2+ 35. R1g2 Qc1 36. Qxf6+ 1-0